<?xml version="1.0" encoding="UTF-8"?>
<record
    xmlns:xsi="http://www.w3.org/2001/XMLSchema-instance"
    xsi:schemaLocation="http://www.loc.gov/MARC21/slim http://www.loc.gov/standards/marcxml/schema/MARC21slim.xsd"
    xmlns="http://www.loc.gov/MARC21/slim">

  <leader>00624nam a22001817a 4500</leader>
  <controlfield tag="008">150520b        xxu||||| |||| 00| 0 eng d</controlfield>
  <datafield tag="020" ind1=" " ind2=" ">
    <subfield code="a">9780071772440 (alk. paper)</subfield>
  </datafield>
  <datafield tag="020" ind1=" " ind2=" ">
    <subfield code="a">0071772448 (alk. paper)</subfield>
  </datafield>
  <datafield tag="041" ind1="0" ind2=" ">
    <subfield code="a">eng</subfield>
  </datafield>
  <datafield tag="080" ind1=" " ind2=" ">
    <subfield code="a">301.151</subfield>
  </datafield>
  <datafield tag="100" ind1=" " ind2=" ">
    <subfield code="a">Roberts, Ron,</subfield>
    <subfield code="d">1951-</subfield>
  </datafield>
  <datafield tag="245" ind1="0" ind2="0">
    <subfield code="a">The well-balanced leader :</subfield>
    <subfield code="c">by Ron Roberts.</subfield>
  </datafield>
  <datafield tag="260" ind1=" " ind2=" ">
    <subfield code="a">New York :</subfield>
    <subfield code="b">McGraw-Hill,</subfield>
    <subfield code="c">c2012.</subfield>
  </datafield>
  <datafield tag="300" ind1=" " ind2=" ">
    <subfield code="a">256 f</subfield>
    <subfield code="b">me il</subfield>
    <subfield code="c">24 cm.</subfield>
  </datafield>
  <datafield tag="505" ind1=" " ind2=" ">
    <subfield code="a">Index:f. 249-256</subfield>
  </datafield>
  <datafield tag="650" ind1=" " ind2="0">
    <subfield code="a">Udh&#xEB;heqja</subfield>
    <subfield code="x">Aspektet psikologjike</subfield>
  </datafield>
  <datafield tag="942" ind1=" " ind2=" ">
    <subfield code="2">udc</subfield>
    <subfield code="c">BK</subfield>
  </datafield>
  <datafield tag="999" ind1=" " ind2=" ">
    <subfield code="c">862</subfield>
    <subfield code="d">862</subfield>
  </datafield>
  <datafield tag="952" ind1=" " ind2=" ">
    <subfield code="0">0</subfield>
    <subfield code="1">0</subfield>
    <subfield code="2">udc</subfield>
    <subfield code="4">0</subfield>
    <subfield code="7">0</subfield>
    <subfield code="8">P&#xCB;KG</subfield>
    <subfield code="a">002</subfield>
    <subfield code="b">002</subfield>
    <subfield code="c">P&#xCB;KG</subfield>
    <subfield code="d">2015-05-20</subfield>
    <subfield code="l">0</subfield>
    <subfield code="o">301.151 ROB</subfield>
    <subfield code="p">002-008197</subfield>
    <subfield code="r">2015-05-20</subfield>
    <subfield code="y">BK</subfield>
  </datafield>
  <datafield tag="952" ind1=" " ind2=" ">
    <subfield code="0">0</subfield>
    <subfield code="1">0</subfield>
    <subfield code="2">udc</subfield>
    <subfield code="4">0</subfield>
    <subfield code="7">0</subfield>
    <subfield code="8">P&#xCB;KG</subfield>
    <subfield code="a">002</subfield>
    <subfield code="b">002</subfield>
    <subfield code="c">P&#xCB;KG</subfield>
    <subfield code="d">2015-10-01</subfield>
    <subfield code="l">0</subfield>
    <subfield code="o">301.151 ROB</subfield>
    <subfield code="p">002-008196</subfield>
    <subfield code="r">2017-10-23</subfield>
    <subfield code="w">2015-10-01</subfield>
    <subfield code="y">BK</subfield>
  </datafield>
  <datafield tag="952" ind1=" " ind2=" ">
    <subfield code="0">0</subfield>
    <subfield code="1">0</subfield>
    <subfield code="2">udc</subfield>
    <subfield code="4">0</subfield>
    <subfield code="7">0</subfield>
    <subfield code="8">P&#xCB;KG</subfield>
    <subfield code="a">002</subfield>
    <subfield code="b">002</subfield>
    <subfield code="c">P&#xCB;KG</subfield>
    <subfield code="d">2015-10-01</subfield>
    <subfield code="l">0</subfield>
    <subfield code="o">301.151 ROB</subfield>
    <subfield code="p">002-008195</subfield>
    <subfield code="r">2015-10-01</subfield>
    <subfield code="w">2015-10-01</subfield>
    <subfield code="y">BK</subfield>
  </datafield>
  <datafield tag="952" ind1=" " ind2=" ">
    <subfield code="0">0</subfield>
    <subfield code="1">0</subfield>
    <subfield code="2">udc</subfield>
    <subfield code="4">0</subfield>
    <subfield code="7">0</subfield>
    <subfield code="8">P&#xCB;KG</subfield>
    <subfield code="a">002</subfield>
    <subfield code="b">002</subfield>
    <subfield code="c">P&#xCB;KG</subfield>
    <subfield code="d">2017-10-23</subfield>
    <subfield code="l">0</subfield>
    <subfield code="o">301.151 ROB</subfield>
    <subfield code="p">002-2933380</subfield>
    <subfield code="r">2017-10-23</subfield>
    <subfield code="w">2017-10-23</subfield>
    <subfield code="y">BK</subfield>
  </datafield>
  <datafield tag="952" ind1=" " ind2=" ">
    <subfield code="0">0</subfield>
    <subfield code="1">0</subfield>
    <subfield code="2">udc</subfield>
    <subfield code="4">0</subfield>
    <subfield code="7">0</subfield>
    <subfield code="8">P&#xCB;KG</subfield>
    <subfield code="a">002</subfield>
    <subfield code="b">002</subfield>
    <subfield code="c">P&#xCB;KG</subfield>
    <subfield code="d">2017-10-23</subfield>
    <subfield code="l">0</subfield>
    <subfield code="o">301.151 ROB</subfield>
    <subfield code="p">002-2933385</subfield>
    <subfield code="r">2017-10-23</subfield>
    <subfield code="w">2017-10-23</subfield>
    <subfield code="y">BK</subfield>
  </datafield>
  <datafield tag="952" ind1=" " ind2=" ">
    <subfield code="0">0</subfield>
    <subfield code="1">0</subfield>
    <subfield code="2">udc</subfield>
    <subfield code="4">0</subfield>
    <subfield code="7">0</subfield>
    <subfield code="8">P&#xCB;KG</subfield>
    <subfield code="a">002</subfield>
    <subfield code="b">002</subfield>
    <subfield code="c">P&#xCB;KG</subfield>
    <subfield code="d">2017-10-23</subfield>
    <subfield code="l">0</subfield>
    <subfield code="o">301.151 ROB</subfield>
    <subfield code="p">002-2933390</subfield>
    <subfield code="r">2017-10-23</subfield>
    <subfield code="w">2017-10-23</subfield>
    <subfield code="y">BK</subfield>
  </datafield>
  <datafield tag="952" ind1=" " ind2=" ">
    <subfield code="0">0</subfield>
    <subfield code="1">0</subfield>
    <subfield code="2">udc</subfield>
    <subfield code="4">0</subfield>
    <subfield code="7">0</subfield>
    <subfield code="8">P&#xCB;KG</subfield>
    <subfield code="a">002</subfield>
    <subfield code="b">002</subfield>
    <subfield code="c">P&#xCB;KG</subfield>
    <subfield code="d">2017-10-23</subfield>
    <subfield code="l">0</subfield>
    <subfield code="o">301.151 ROB</subfield>
    <subfield code="p">002-2933395</subfield>
    <subfield code="r">2017-10-23</subfield>
    <subfield code="w">2017-10-23</subfield>
    <subfield code="y">BK</subfield>
  </datafield>
</record>
